[Event "I Torneo Internacional Bahia Feliz 2011"]
[Site "Bahia Feliz ESP"]
[Date "2011.05.16"]
[Round "5.5"]
[White "Bromberger, Stefan"]
[Black "Ragger, Markus"]
[Result "1-0"]
[WhiteElo "2505"]
[BlackElo "2674"]
[PlyCount "114"]
[EventDate "2011.05.12"]
[EventType "tourn"]
[EventRounds "9"]
[EventCountry "ESP"]
[EventCategory "12"]
[Source "lmi"]
[SourceDate "2011.05.12"]

1. d4 Nf6 2. c4 e6 3. Nf3 d5 4. Nc3 dxc4 5. e4 Bb4 6. Bg5 h6 7. Bxf6 Qxf6 8.
Bxc4 c5 9. O-O cxd4 10. e5 Qd8 11. Ne4 O-O 12. Qe2 Qb6 13. Ng3 Bd7 14. a3 Be7
15. Rad1 Rd8 16. Rxd4 Bc6 17. Rg4 Bf8 18. Nh5 Kh8 19. Rg3 Na6 20. Ng5 Qc7 21.
Qc2 g6 22. Nxe6 Qxe5 23. Nxd8 Rxd8 24. Bxa6 Qxh5 25. Be2 Qe5 26. Re3 Qg5 27.
Bf3 Bc5 28. h4 Qf5 29. Qxf5 gxf5 30. Re5 Bxf3 31. Rxc5 Rg8 32. g3 Be4 33. f3
Bd3 34. Rd1 Be2 35. Re1 Bxf3 36. Rxf5 Bc6 37. Kf2 Kg7 38. Re7 Rf8 39. h5 a6 40.
Ke3 Kg8 41. b4 Bg2 42. a4 Bc6 43. b5 axb5 44. axb5 Bh1 45. Rfe5 Kg7 46. Re8
Rxe8 47. Rxe8 Kf6 48. Kf4 Bd5 49. Rh8 Kg7 50. Rd8 Bg2 51. b6 Bc6 52. Rd6 Bg2
53. g4 Bh1 54. g5 hxg5+ 55. Kxg5 Be4 56. h6+ Kh7 57. Rd7 Kg8 1-0

[Event "I Torneo Internacional Bahia Feliz 2011"]
[Site "Bahia Feliz ESP"]
[Date "2011.05.20"]
[Round "8.5"]
[White "Mateo, Ramon"]
[Black "Nyzhnyk, Illya"]
[Result "1/2-1/2"]
[WhiteElo "2422"]
[BlackElo "2583"]
[PlyCount "59"]
[EventDate "2011.05.12"]
[EventType "tourn"]
[EventRounds "9"]
[EventCountry "ESP"]
[EventCategory "12"]
[Source "lmi"]
[SourceDate "2011.05.12"]

1. e4 c5 2. Nf3 d6 3. d4 cxd4 4. Qxd4 a6 5. Bg5 Nc6 6. Qd2 h6 7. Bf4 Nf6 8. Nc3
e5 9. Bg3 Be6 10. Be2 Be7 11. O-O Rc8 12. Rfd1 g5 13. Qe1 Qb6 14. a3 Nb8 15.
Bd3 Nbd7 16. Rab1 O-O 17. Qd2 Nh5 18. Be2 Ndf6 19. Ne1 Qc5 20. Nd3 Qa7 21. Bxh5
Nxh5 22. Nb4 Nf6 23. h4 a5 24. hxg5 Nh5 25. Nbd5 Bxg5 26. Qd3 Nxg3 27. Qxg3 Kh7
28. Nb5 Qc5 29. Nxd6 Rc6 30. Nf5 1/2-1/2